00485nam a2200193 a 4500001001300000003000900013005001700022008004100039020001000080082001600090100001900106245003900125260002900164300000900193500003500202505001000237650002500247700001900272nice12345678IN_TiNIC20260116012247.0050524s1963 lona grp 000 0 eng  ac10000a221.92bJAM aJames, Fleming aPersonalities of the Old Testament aLondonbScm Press c1963 a632p aincludes index and biblioraphy2 aIndex aOld Testament-Saints1 aJames, Fleming